00422 a2200157 4500003000400000005001700004008004100021020001500062040000900077082001900086100001800105245008100123250001300204260003300217300001400250OSt20260309093458.0260307b |||||||| |||| 00| 0 eng d a8126408545 coclc a869.342bCOE/V1 aCoelho, Paulo aVeronica Marikkan Theerumanikkunnu = Veronika Decides To Die /cPaulo Coelho a10th Ed. aKottayam:bD C Books.c2023, a206 pages